| 000 | 00741nam a22001937a 4500 | ||
|---|---|---|---|
| 999 |
_c196164 _d196164 |
||
| 005 | 20230711125714.0 | ||
| 010 | _aB-754338-358 CHEN 25.5.23 | ||
| 020 |
_a9788131941812 _c450.00 |
||
| 035 | _aB-754338-358 | ||
| 037 | _bB.Jain Publishers (P) Ltd. | ||
| 082 | _aS | ||
| 245 |
_aMoral Stories: _bFor Children / |
||
| 260 |
_aNoida, U.P. _bB.Jain Publishers (P) Ltd. _c202? |
||
| 270 |
_aD-157, Sector 63, Noida _bU.P. _e201307 |
||
| 300 |
_a192p. _bcol.ill _c24cm(Hb) |
||
| 490 | _aCollector's Edition | ||
| 942 |
_2ddc _cCH _mMOR _hS |
||